MARC

LEADER 00000nam0a2200000 4500
001 29080
005 20231030203123.0
010 |a 5288007276 
035 |a (RuTPU)RU\TPU\book\29339 
035 |a BOOK00029414 
090 |a 29080 
100 |a 20011209d1991 k y0rusy50 ca 
101 0 |a rus 
102 |a RU 
105 |a а z 001zy 
200 1 |a Плазма газоразрядных источников света низкого давления  |f В. М. Миленин, Н. А. Тимофеев  |g Ленинградский государственный университет (ЛГУ) 
210 |a Ленинград  |c Изд-во ЛГУ  |d 1993 
215 |a 239 с.  |c ил. 
320 |a Библиогр.: с. 232-240 (129 назв.). 
610 1 |a источники света 
610 1 |a газосветные лампы 
610 1 |a плазма, газоразрядная 
610 1 |a рабочие тела 
610 1 |a характеристики 
675 |a 621.327  |v 3 
700 1 |a Миленин  |b В. М.  |g Вячеслав Михайлович 
701 1 |a Тимофеев  |b Н. А.  |g Николай Александрович 
712 0 2 |a Ленинградский государственный университет (ЛГУ)  |c (1924-1991)  |2 stltpush  |3 (RuTPU)RU\TPU\col\77 
801 0 |a RU  |b 63413507  |c 20011209  |g PSBO 
801 2 |a RU  |b 63413507  |c 20180927  |g PSBO 
942 |c BK